000
00220 a2200097 4500
020
_a
9789356435063
100
_a
Suresh M. G., tr.
245
_a
Kohinoor(കോഹിനൂർ)
260
_b
D C books
_c
2022
942
_c
OO
999
_c
115359
_d
115358